Sanat - "Pyörällä mummolaan" - Statistics

Yleistilastot
  • Tätä visaa on pelattu 9 kertaa
  • Keskiarvotulos 62 / 85
Vastaustilastot
Vastaus % Oikein
ei
100%
ei
100%
ei
100%
kun
100%
kun
100%
Kun
100%
kun
100%
mummolaan
100%
mummolaan
100%
mummolaan
100%
mummolaan
100%
mummolaan
100%
näy
100%
näy
100%
näy
100%
pyöräilemme
100%
pyöräilemme
100%
pyöräilemme
100%
käy
88%
käy
88%
käy
88%
kuin
88%
kuin
88%
kuin
88%
matka
88%
matka
88%
matka
88%
Minä
88%
Minä
88%
minä
88%
niin
88%
niin
88%
niin
88%
ohjaat
88%
ohjaat
88%
ohjaat
88%
pilvenhattaraa
88%
pilvenhattaraa
88%
pilvenhattaraa
88%
poljen
88%
poljen
88%
poljen
88%
sinä
88%
sinä
88%
sinä
88%
tanssi
88%
tanssi
88%
tanssi
88%
ajellaan
63%
lainasimme
63%
me
63%
minne
63%
mutta
63%
näin
63%
Polkupyörän
63%
sillä
63%
sillä
63%
sinne
63%
vaikka
63%
aitan
50%
laitan
50%
luokse
50%
missä
50%
mummon
50%
nukkumaan
50%
pyörän
50%
seinän
50%
taakse
50%
tie
50%
vie
50%
viereen
50%
äiti
38%
eväspussin
38%
levähdämme
38%
meille
38%
muisti
38%
mukaan
38%
ojentaa
38%
on
38%
pyöräretki
38%
saa
38%
siitä
38%
syötyämme
38%
tehty
38%
voimaa
38%
Ehtoja vastaavia visoja ei löytynyt
Tulosjakauma
Jokaisen tuloksen saaneiden osuus
Persentiili vastausten määrän mukaan
Tuloshistoriasi
Et ole pelannut tätä visaa